<?xml version="1.0" encoding="UTF-8"?>
<record
    xmlns:xsi="http://www.w3.org/2001/XMLSchema-instance"
    xsi:schemaLocation="http://www.loc.gov/MARC21/slim http://www.loc.gov/standards/marcxml/schema/MARC21slim.xsd"
    xmlns="http://www.loc.gov/MARC21/slim">

  <leader>00686cam a22001931  4500</leader>
  <controlfield tag="001">ne 64000216 </controlfield>
  <controlfield tag="003">DLC</controlfield>
  <controlfield tag="005">20260227111755.0</controlfield>
  <controlfield tag="008">820702m19639999ua            000 0 ararc</controlfield>
  <datafield tag="010" ind1=" " ind2=" ">
    <subfield code="a">ne 64000216 </subfield>
  </datafield>
  <datafield tag="035" ind1=" " ind2=" ">
    <subfield code="a">(OCoLC)8570903</subfield>
  </datafield>
  <datafield tag="040" ind1=" " ind2=" ">
    <subfield code="a">Princeton Univ. Libr.</subfield>
    <subfield code="c">TU</subfield>
    <subfield code="d">TU</subfield>
    <subfield code="d">DLC</subfield>
  </datafield>
  <datafield tag="050" ind1="0" ind2="0">
    <subfield code="a">BP53</subfield>
    <subfield code="b">.S8</subfield>
  </datafield>
  <datafield tag="100" ind1="1" ind2=" ">
    <subfield code="a">Sur&#x16B;r, Mu&#x1E25;ammad Jam&#x101;l al-D&#x12B;n,</subfield>
    <subfield code="e">ed.</subfield>
  </datafield>
  <datafield tag="245" ind1="1" ind2="0">
    <subfield code="a">Nu&#x1E63;&#x16B;&#x1E63; mukht&#x101;rah min mar&#x101;ji&#x2BB; al-t&#x101;r&#x12B;kh al-Isl&#x101;m&#x12B;,</subfield>
    <subfield code="c">Ikhtiy&#x101;r Mu&#x1E25;ammad Jam&#x101;l al-D&#x12B;n Sur&#x16B;r [wa] &#x1E24;asan A&#x1E25;mad Ma&#x1E25;m&#x16B;d [wa] A&#x1E25;mad Sayyid Darr&#x101;j.</subfield>
  </datafield>
  <datafield tag="260" ind1=" " ind2=" ">
    <subfield code="a">[al-Q&#x101;hirah]</subfield>
    <subfield code="b">Maktabat al-Anjl&#x16B; al-Mi&#x1E63;r&#x12B;yah,</subfield>
    <subfield code="c">[1963-]</subfield>
  </datafield>
  <datafield tag="300" ind1=" " ind2=" ">
    <subfield code="a">v.</subfield>
    <subfield code="c">24 cm.</subfield>
  </datafield>
  <datafield tag="650" ind1=" " ind2="0">
    <subfield code="a">Islam</subfield>
    <subfield code="x">History.</subfield>
  </datafield>
  <datafield tag="999" ind1=" " ind2=" ">
    <subfield code="c">46632</subfield>
    <subfield code="d">46632</subfield>
  </datafield>
</record>
